000
00161 a2200085 4500
001
1229576
005
20250901085850.0
245
_a
SDASD
_c
ASDASD
260
_b
ASDASD
999
_c
1229576
_d
1229576